Memoria que presenta el Ministro de Instrucción Pública de los Estados Unidos de Venezuela al Congreso Nacional de 1912 / (Record no. 72022)

MARC details
000 -LEADER
campo de control de longitud fija 00549nam a2200157 i 4500
001 - NÚMERO DE CONTROL
campo de control 72022
003 - IDENTIFICADOR DE NÚMERO DE CONTROL
campo de control ES-MaACL
005 - FECHA Y HORA DE LA ÚLTIMA TRANSACCIÓN
campo de control 20230906171314.0
007 - CAMPO FIJO DE DESCRIPCIÓN FÍSICA--INFORMACIÓN GENERAL
campo de control de longitud fija t|
008 - DATOS DE LONGITUD FIJA--INFORMACIÓN GENERAL
campo de control de longitud fija 040823s1912 ve ||||1| spa d
100 1# - ENTRADA PRINCIPAL--NOMBRE DE PERSONA
Nombre de persona Gil Fortoul, José.
9 (RLIN) 56819
245 10 - MENCIÓN DEL TÍTULO
Título Memoria que presenta el Ministro de Instrucción Pública de los Estados Unidos de Venezuela al Congreso Nacional de 1912 /
Mención de responsabilidad, etc. José Gil Fortoul.
260 ## - PUBLICACIÓN, DISTRIBUCIÓN, ETC.
Lugar de publicación, distribución, etc. Caracas :
Nombre del editor, distribuidor, etc. [s.n.,
Fecha de publicación, distribución, etc. 1912]
710 1# - ENTRADA AGREGADA--NOMBRE DE ENTIDAD CORPORATIVA
Nombre de entidad corporativa o nombre de jurisdicción como elemento de entrada Venezuela.
Unidad subordinada Ministerio de Instrucción Pública.
9 (RLIN) 154751
852 ## - LOCALIZACIÓN
Ubicación ES-MaACL
Número de control de estantería T-1378-F-3
Holdings
Estatus retirado Estado de pérdida Estado de daño No para préstamo Colección Biblioteca de origen Biblioteca actual Ubicación en estantería Fecha de adquisición Fuente de adquisición Total de préstamos Signatura topográfica completa Código de barras Visto por última vez Precio de reemplazo Tipo de ítem Koha
        Colección de folletos Biblioteca del Ateneo de Madrid Biblioteca del Ateneo de Madrid Depósito folletos 17/01/2008     T-1378-F-3 1075393 23/02/2023 23/02/2023 Folleto